[Event "Clarin"]
[Site "Buenos Aires"]
[Date "1979.??.??"]
[Round "4"]
[White "Franco Ocampo, Zenon"]
[Black "Panno, Oscar"]
[Result "1/2-1/2"]
[WhiteElo "2360"]
[BlackElo "2545"]

1.e4 c5 2.Nf3 e6 3.d4 cxd4 4.Nxd4 a6 5.Nc3 Qc7 6.Be2 Nf6 7.O-O Be7 8.f4 d6
9.Be3 O-O 10.Qe1 b5 11.Bf3 Bb7 12.e5 dxe5 13.fxe5 Nfd7 14.Qg3 Bc5 15.Ne4 Bxe4
16.Bxe4 Ra7 17.Nxe6 fxe6 18.Bxh7+ Kxh7 19.Qh3+ Kg6 20.Qg4+ Kh7 21.Qh3+  1/2-1/2

[Event "Copenhagen AS04"]
[Site "Copenhagen"]
[Date "1979.??.??"]
[Round "8"]
[White "Auchenberg, Per"]
[Black "Djuric, Stefan"]
[Result "0-1"]
[WhiteElo "2225"]
[BlackElo "2415"]

1.e4 c5 2.Nf3 e6 3.Nc3 a6 4.d4 cxd4 5.Nxd4 Qc7 6.Be2 Bb4 7.O-O Nf6 8.Qd3 Nc6
9.Bd2 Nxd4 10.Qxd4 Bd6 11.g3 b5 12.Bxb5 Be5 13.Qa4 h5 14.Be2 Bb7 15.Bf3 h4
16.Kg2 Bc6 17.Qc4 Bxe4 18.Qxc7 Bxf3+ 19.Kxf3 Bxc7 20.Rfe1 Rh5 21.g4 Rc5 22.h3 Rc8
23.Re2 Bd8 24.Rc1 d5 25.Be3 Rc4 26.Bg5 Ne4 27.Bxd8 Nxc3 28.bxc3 Rxc3+ 29.Kg2 Kxd8
30.Rd2 R8c4 31.f3 Ke7 32.Kf2 Ra4 33.Ra1 Rf4 34.Rd3 Rxc2+ 35.Ke3 g5 36.Ra3 d4+  0-1

[Event "URS-FL"]
[Site "Frunze"]
[Date "1979.??.??"]
[Round "12"]
[White "Sideif Sade, Fikret I"]
[Black "Vitolinsh, Alvis"]
[Result "1/2-1/2"]
[WhiteElo "2320"]
[BlackElo "2430"]

1.e4 c5 2.Nf3 e6 3.d4 cxd4 4.Nxd4 a6 5.Nc3 Qc7 6.Be2 Bb4 7.O-O Nf6 8.Qd3 Nc6
9.Bg5 h6 10.Bxf6 gxf6 11.Rad1 h5 12.Kh1 Bc5 13.Nb3 Ba7 14.a4 Ne5 15.Qg3 Kf8
16.f4 h4 17.Qh3 Ng6 18.e5 fxe5 19.fxe5 Nxe5 20.Nd4 Bb8 21.Ne4 Ng6 22.Ng5 Nf4
23.Qf3 d5 24.Qe3 e5 25.Nb3 Rg8 26.Nf3 e4 27.Nxh4 Nxe2 28.g3 Nxg3+ 29.hxg3 Qxg3
30.Qxg3 Rxg3 31.Nf5 Rg5 32.Rxd5 Bc7 33.Ne3 Rg3 34.Nf5 Rh3+ 35.Kg2 Rh5 36.Rh1 Rxh1
37.Kxh1 Be6 38.Ne3 Bf4 39.Rh5 Kg7 40.Nd5 Bh6 41.Nd4 Bg4 42.Re5 f5 43.Nxf5+ Bxf5
44.Rxf5 Re8 45.Rf2 Kg6 46.Kg2 Bg5 47.Kf1 e3 48.Rg2 Re5 49.c4 Kf5 50.Ke2 a5
51.b3 Ke6 52.Kd3 Kd6 53.Nc3 Kc6 54.Kd4 Bf6 55.Rg6 Re6+ 56.Kd3 Kd7 57.Ne2 Rb6
58.Ke4 Ke6 59.Nd4+ Ke7 60.Nf5+ Kf7 61.Rg2 Rxb3 62.Nxe3 Rb4 63.Kd5 Rxa4 64.Nf5 Rb4
65.Nd6+ Ke7 66.Rh2 Bg7 67.Nf5+ Kf6 68.Nxg7 Kxg7 69.Ra2 b6 70.c5 bxc5  1/2-1/2

[Event "URS-FL"]
[Site "Frunze"]
[Date "1979.??.??"]
[Round "16"]
[White "Vitolinsh, Alvis"]
[Black "Lerner, Konstantin Z"]
[Result "1/2-1/2"]
[WhiteElo "2430"]
[BlackElo "2475"]

1.e4 c5 2.Nf3 e6 3.d4 cxd4 4.Nxd4 a6 5.Nc3 Nc6 6.g3 d6 7.Bg2 Bd7 8.O-O Nf6
9.b3 Be7 10.Bb2 O-O 11.Nce2 Rc8 12.c4 b5 13.cxb5 Nxd4 14.Nxd4 axb5 15.a3 Qb6
16.Qd2 Rfd8 17.Bc3 Qa7 18.Ba5 Re8 19.Bb4 e5 20.Ne2 Be6 21.Nc3 Bxb3 22.Nxb5 Qa4
23.Nxd6 Rcd8 24.Nxe8 Rxd2 25.Nxf6+ gxf6 26.Bxd2 Kg7 27.Rfc1 Bc2 28.Be3 Bd8
29.h4 Ba5 30.h5 h6 31.Bf3 Bc3 32.Ra2 Bb3 33.Re2 Bd4 34.Ree1 Qxa3 35.Bg4 Bxe3
36.fxe3 Qa4 37.Bf5 Bc2 38.Ra1 Qb4 39.Rf1 Bxe4 40.Bxe4 Qxe4 41.Rae1 Qg4 42.Kg2 Qxh5
43.e4 Qg4 44.Rf5 h5 45.Re3 Qd1 46.Rf2 Qd4 47.Ree2 Qd1 48.Re3 Qc1 49.Ree2 Qh6
50.Rf5 Kf8 51.Rf3 Ke7 52.Ref2 Qg6 53.Rf5 Qg4 54.Rxf6 Qxe4+ 55.Kh2 Qc4 56.R6f5 e4  1/2-1/2

[Event "Hastings7980"]
[Site "Hastings"]
[Date "1979.??.??"]
[Round "14"]
[White "Lein, Anatoly"]
[Black "Liberzon, Vladimir M"]
[Result "0-1"]
[WhiteElo "2535"]
[BlackElo "2515"]

1.e4 c5 2.Nf3 e6 3.d4 cxd4 4.Nxd4 a6 5.Nc3 Qc7 6.Be2 Nf6 7.O-O Nc6 8.Be3 Bb4
9.Nxc6 bxc6 10.Qd4 c5 11.Qd3 Bb7 12.f3 Rc8 13.Rfd1 O-O 14.a3 Bxc3 15.Qxc3 d5
16.Bg5 d4 17.Qd2 Nh5 18.c3 h6 19.Bh4 Nf4 20.Bc4 e5 21.Rac1 Qb6 22.Bg3 g5
23.Kh1 Rfd8 24.Be1 Qg6 25.Qf2 d3 26.Bd2 Ne2 27.Rb1 g4 28.Qh4 Kh7 29.fxg4 Qxe4
30.Qxh6+ Kg8 31.Bxf7+ Kxf7 32.Rf1+ Nf4 33.Rf3 Rh8 34.Qd6 Qd5 35.Bxf4 Qxd6
36.Bxe5+ Ke6 37.Bxd6 Bxf3 38.gxf3 Kxd6 39.Kg2 Kd5 40.Kg3 Rce8 41.h4 Re2 42.h5 d2  0-1

[Event "BKL-Turnier"]
[Site "Leipzig"]
[Date "1979.??.??"]
[Round "8"]
[White "Gross, Stefan"]
[Black "Hesse, Peter"]
[Result "0-1"]
[WhiteElo "2355"]
[BlackElo "2420"]

1.e4 c5 2.Nf3 e6 3.d4 cxd4 4.Nxd4 a6 5.Nc3 Qc7 6.f4 d6 7.Be3 Nf6 8.g4 Nc6
9.g5 Nd7 10.Qe2 Nxd4 11.Bxd4 b5 12.O-O-O b4 13.Nd5 exd5 14.exd5+ Kd8 15.Bh3 Be7
16.Rhe1 Re8 17.Bxg7 Nc5 18.Qh5 Bxh3 19.Qxh3 Rc8 20.Re2 Qd7 21.Qxh7 Qg4 22.Rxe7 Rxe7
23.Bf6 Qxf4+ 24.Kb1 Qe4 25.Qxf7 Kd7 26.Bxe7 Qxe7 27.Qh5 Kc7 28.g6 Rg8 29.Rg1 Qe5
30.Qh7+ Rg7 31.Qh4 a5 32.Qf2 Qxd5 33.b3 Kc6 34.Qf8 Qd4 35.Re1 Rc7 36.Qf3+ Kb6
37.Rd1 Qe5 38.h4 Ne4 39.Qe3+ Kb7 40.Qf3 Re7 41.Re1 d5 42.Rxe4  0-1

[Event "Lloyds Bank op"]
[Site "London"]
[Date "1979.??.??"]
[Round "3"]
[White "Pliester, Leon"]
[Black "Ravikumar, Vaidyanathan"]
[Result "0-1"]
[WhiteElo "2200"]
[BlackElo "2305"]

1.e4 c5 2.Nf3 e6 3.d4 cxd4 4.Nxd4 a6 5.Nc3 Qc7 6.Be2 b5 7.O-O Bb7 8.Bf3 Nc6
9.Nxc6 dxc6 10.Qe2 Bd6 11.g3 Nf6 12.a4 O-O 13.Bg2 b4 14.Nd1 a5 15.c4 bxc3
16.bxc3 Ba6 17.c4 Nd7 18.Ne3 Rab8 19.Rd1 Be5 20.Ra2 c5 21.Qc2 Bd4 22.Bf1 Ne5
23.Be2 Rfd8 24.Ng2 Nc6 25.Ra3 Nb4 26.Qb3 Qc6 27.Bf3 Qa8 28.Bf4 e5 29.Bg5 Re8
30.Nh4 Nc6 31.Qd3 Rb2 32.Rd2 Reb8 33.Be2 h6 34.Be3 Nb4  0-1

[Event "Lone Pine op"]
[Site "Lone Pine"]
[Date "1979.??.??"]
[Round "4"]
[White "Barle, Janez"]
[Black "Matera, Salvatore"]
[Result "1/2-1/2"]
[WhiteElo "2420"]
[BlackElo "2415"]

1.e4 c5 2.Nf3 e6 3.d4 cxd4 4.Nxd4 a6 5.Nc3 Qc7 6.Be2 Nc6 7.O-O Nf6 8.Kh1 Be7
9.f4 d6 10.Be3 O-O 11.Qe1 Bd7 12.Qg3 Rac8 13.Rad1 Kh8 14.Nf3 Nb4 15.Bd3 Bc6
16.Bd4 Nxd3 17.cxd3 Ne8 18.Qh3 Bf6 19.Ng5 h6 20.Bxf6 Nxf6 21.Nf3 Qb6 22.Rd2 Qe3
23.Qh4 b5 24.Re1 Qb6 25.g4 b4 26.Nd1 d5 27.g5 Ng8 28.Rg2 dxe4 29.dxe4 Qd8
30.Nf2 g6 31.Ng4 h5 32.Nf6 Kg7 33.Nxh5+ gxh5 34.Qxh5 Bxe4 35.Rxe4 Rc1+ 36.Ng1 Qd5
37.f5 Qxf5 38.Rh4 Rfc8 39.g6 Qxh5 40.Rxh5 fxg6 41.Ra5 R8c6 42.Ra4 R1c4 43.h3 Nf6
44.Nf3 Nd7 45.Rd2 Nc5 46.Ra5 Kf6 47.Rg2 Rd6 48.Rxg6+ Kxg6 49.Ne5+ Kg5 50.Nxc4 Rd5
51.Ne3 Re5 52.Nc2 Kh4 53.Nxb4 Kg3 54.Ra3+ Kf2 55.Rc3 Rg5 56.Rxc5  1/2-1/2

[Event "Lone Pine op"]
[Site "Lone Pine"]
[Date "1979.??.??"]
[Round "6"]
[White "Kaplan, Julio P"]
[Black "Gheorghiu, Florin"]
[Result "1/2-1/2"]
[WhiteElo "2460"]
[BlackElo "2540"]

1.e4 c5 2.Nf3 e6 3.d4 cxd4 4.Nxd4 a6 5.Nc3 Qc7 6.Be2 Nf6 7.O-O Be7 8.f4 d6
9.Kh1 O-O 10.Qe1 b5 11.Bf3 Bb7 12.e5 Ne8 13.f5 Bxf3 14.Nxf3 b4 15.f6 gxf6
16.exd6 Bxd6 17.Ne4 Kh8 18.Nxd6 Qxd6 19.Bh6 Rg8 20.Rd1 Qc7 21.Qxb4 Qxc2 22.Rd2 Qc7
23.Rfd1 Ra7 24.Qh4 Qe7 25.Qa4 Rb7 26.b3 Ng7 27.Bxg7+ Kxg7 28.Nd4 Qb4 29.Qxb4 Rxb4
30.Rc2 Rb7 31.Ne2 f5 32.Kg1 Kf6 33.Rdc1 Rd8 34.Kf2 Nd7 35.Rd1 Re8 36.h3 a5
37.Rc4 Ne5 38.Rh4 Kg7 39.Rhd4 Rc8 40.R1d2 Ng6 41.g4 fxg4 42.hxg4 Rb4 43.Rxb4 axb4
44.Rd4 Ne5 45.Ke3 Rc2 46.Rxb4 Rxa2 47.Re4 Nd7 48.Nc3 Rg2 49.Kd4 Nf6 50.Re2 Rxg4+
51.Kc5 Rg3 52.Kd4 Nd7 53.b4 Rg4+ 54.Re4 h5 55.Ke3 Kf8 56.b5 Ke7 57.Kf3 Rxe4
58.Kxe4 f5+ 59.Kf4 Kf6 60.Na4 e5+ 61.Kg3 f4+ 62.Kh4 e4 63.Kxh5 f3 64.Nc3 Kf5
65.Kh4 f2 66.Nd1 f1=N 67.Kh3 Nb6 68.Kg2 Nd2 69.Kg3 Nd5 70.b6 Nxb6 71.Nf2 e3
72.Ng4 e2 73.Kf2  1/2-1/2

[Event "Mar del Plata GP2"]
[Site "Mar del Plata"]
[Date "1979.??.??"]
[Round "?"]
[White "Paglilla, Carlos"]
[Black "Rubinetti, Jorge A"]
[Result "1-0"]
[WhiteElo "2300"]
[BlackElo "2430"]

1.e4 c5 2.Nf3 e6 3.d4 cxd4 4.Nxd4 a6 5.Nc3 Qc7 6.g3 Bb4 7.Ne2 Nf6 8.Bg2 Be7
9.O-O O-O 10.b3 Nc6 11.Bb2 Rd8 12.Nf4 d6 13.Re1 b5 14.Nd3 Bb7 15.Rc1 Rac8
16.Qd2 Qb6 17.Ne2 d5 18.Bxf6 Bxf6 19.exd5 exd5 20.Nef4 Ne7 21.Ne5 Ng6 22.Nfd3 Qc7
23.Nxg6 hxg6 24.Re2 Bc3 25.Qg5 Qa5 26.Bh3 Bf6 27.Qf4 Rc3 28.Rce1 Qc7 29.Qb4 Qc6
30.Re6 fxe6 31.Bxe6+ Qxe6 32.Rxe6 Rxc2 33.Rxf6 gxf6 34.Qe7 Rb8 35.Qxf6 Rc6
36.Qe5 Rcc8 37.Nc5 Ba8 38.Qe6+ Kh8 39.h4 d4 40.Qf6+ Kh7 41.h5 gxh5 42.Qg5 Rc6
43.Nd7 Re8 44.Nf6+  1-0

[Event "Marshall op"]
[Site "New York"]
[Date "1979.??.??"]
[Round "1"]
[White "Zuckerman, Bernard"]
[Black "Meyer, E."]
[Result "0-1"]
[WhiteElo "2480"]
[BlackElo "2360"]

1.e4 c5 2.Nf3 e6 3.d4 cxd4 4.Nxd4 a6 5.Nc3 Qc7 6.g3 Bb4 7.Ne2 Nf6 8.Bg2 Be7
9.O-O d6 10.h3 Nc6 11.g4 b5 12.Ng3 Bb7 13.g5 Nd7 14.f4 Nb6 15.f5 O-O-O 16.fxe6 fxe6
17.Nh5 Kb8 18.Nxg7 Rdg8 19.Nxe6 Qd7 20.Nd4 Bxg5 21.Nxc6+ Qxc6 22.Qd4 Qc4
23.Qxb6 Bd8 24.Qe3 Rxg2+ 25.Kxg2 Rg8+ 26.Kf2 Bh4+  0-1

[Event "Rubinstein mem"]
[Site "Polanica Zdroj"]
[Date "1979.??.??"]
[Round "12"]
[White "Kruszynski, Wlodzimierz"]
[Black "Arnason, Jon L"]
[Result "0-1"]
[WhiteElo "2285"]
[BlackElo "2410"]

1.e4 c5 2.Nf3 e6 3.d4 cxd4 4.Nxd4 a6 5.Nc3 Qc7 6.Be2 b5 7.O-O Bb7 8.Bf3 Nc6
9.Nxc6 dxc6 10.a4 Bd6 11.g3 Nf6 12.Bg2 O-O 13.Be3 Be5 14.f4 Bxc3 15.bxc3 c5
16.axb5 axb5 17.Rxa8 Rxa8 18.Qe2 Bxe4 19.Qxb5 Ra5 20.Qc4 Bxg2 21.Kxg2 h5
22.Re1 Qb7+ 23.Kg1 h4 24.Qf1 Ra2 25.Rc1 Qd5 26.Qd3 Qh5 27.Rb1 g6 28.Bf2 hxg3
29.Bxg3 Kg7 30.Kg2 Qd5+ 31.Kg1 Ne4 32.c4 Qf5 33.Qb3 Ra8 34.Rc1 Rh8 35.Qb2+ Kh7
36.Qe5 Qxe5 37.fxe5 Nxg3 38.hxg3 Rd8 39.Ra1 Rd4 40.Ra4 Re4 41.Kf2 g5 42.Kf3 Rxe5
43.g4 f5 44.gxf5 exf5 45.Ra6 Re4 46.Rf6 Rf4+ 47.Kg3 Kg7  0-1

[Event "Sao Paulo"]
[Site "Sao Paulo"]
[Date "1979.??.??"]
[Round "?"]
[White "Van Riemsdijk, Herman C"]
[Black "Gheorghiu, Florin"]
[Result "1/2-1/2"]
[WhiteElo "2390"]
[BlackElo "2540"]

1.e4 c5 2.Nf3 e6 3.d4 cxd4 4.Nxd4 a6 5.Nc3 Qc7 6.g3 Nf6 7.Bg2 Be7 8.O-O O-O
9.Re1 d6 10.h4 Nc6 11.Nxc6 bxc6 12.h5 e5 13.h6 g6 14.Na4 Be6 15.b3 Ng4 16.c4 f5
17.Bh3 Rad8 18.Qe2 d5 19.cxd5 cxd5 20.exf5 gxf5 21.Bf4 exf4 22.Qxe6+ Rf7
23.Bxg4 Rd6 24.Qe5 fxg4 25.Rac1 Qd8 26.gxf4 Rxh6 27.Rcd1  1/2-1/2

[Event "Stary Smokovec"]
[Site "Stary Smokovec"]
[Date "1979.??.??"]
[Round "?"]
[White "Banas, Jan"]
[Black "Adamski, Jan"]
[Result "1/2-1/2"]
[WhiteElo "2395"]
[BlackElo "2415"]

1.e4 c5 2.Nf3 e6 3.d4 cxd4 4.Nxd4 a6 5.Nc3 d6 6.g3 Nf6 7.Bg2 Be7 8.O-O Qc7
9.f4 O-O 10.g4 Nc6 11.Nb3 b5 12.g5 Nd7 13.a3 Rb8 14.Ne2 b4  1/2-1/2

[Event "Stary Smokovec"]
[Site "Stary Smokovec"]
[Date "1979.??.??"]
[Round "?"]
[White "Mnatsakanian, Eduard A"]
[Black "Novak, Ivan"]
[Result "1-0"]
[WhiteElo "2425"]
[BlackElo "2340"]

1.e4 c5 2.Nf3 e6 3.d4 cxd4 4.Nxd4 a6 5.Nc3 b5 6.a3 Ne7 7.g3 Nbc6 8.Bg2 Nxd4
9.Qxd4 Nc6 10.Qd1 Bb7 11.O-O Qc7 12.Bf4 d6 13.a4 b4 14.Ne2 Be7 15.c4 O-O
16.Qd2 Rfd8 17.Rfd1 Rab8 18.b3 Ne5 19.Rac1 Ba8 20.h3 Qc6 21.Nd4 Qb7 22.c5 dxc5
23.Bxe5 Rbc8 24.Qb2 cxd4 25.Bxd4 Bf8 26.Rxc8 Rxc8 27.Rc1 Qd7 28.Rxc8 Qxc8
29.Qd2 Qc6 30.f3 h6 31.Bf1 Bb7 32.Bc4 Bc5 33.Qe3 Bxd4 34.Qxd4 Qc7 35.Kf2 Bc8
36.e5 Bb7 37.Qd6 Qxd6 38.exd6 Kf8 39.Ke3 e5 40.f4 f6 41.fxe5 fxe5 42.a5 Ke8
43.Be6 Bc6 44.Bc8 e4 45.Kd4 Kd8 46.Bf5 e3 47.Kxe3 Bd5 48.Kd4 Bxb3 49.Kc5 g6
50.Bxg6 Be6 51.Kxb4 Bxh3 52.Bd3  1-0

[Event "Stary Smokovec"]
[Site "Stary Smokovec"]
[Date "1979.??.??"]
[Round "?"]
[White "Mnatsakanian, Eduard A"]
[Black "Adamski, Jan"]
[Result "1/2-1/2"]
[WhiteElo "2425"]
[BlackElo "2415"]

1.e4 c5 2.Nf3 e6 3.d4 cxd4 4.Nxd4 a6 5.Nc3 d6 6.Be3 Nf6 7.f4 b5 8.a3 Bb7
9.Bd3 Nbd7 10.O-O Rc8 11.Qf3 g6 12.Bf2 Bg7 13.Rae1 O-O 14.Kh1 e5  1/2-1/2

[Event "Stary Smokovec"]
[Site "Stary Smokovec"]
[Date "1979.??.??"]
[Round "?"]
[White "Plachetka, Jan"]
[Black "Novak, Ivan"]
[Result "1-0"]
[WhiteElo "2445"]
[BlackElo "2340"]

1.e4 c5 2.Nf3 e6 3.d4 cxd4 4.Nxd4 a6 5.Nc3 b5 6.Bd3 Ne7 7.O-O Nbc6 8.Nxc6 Nxc6
9.Qg4 h5 10.Qe2 Ne5 11.h3 Bc5 12.Be3 Qb6 13.Nd1 Bb7 14.f4 Nxd3 15.cxd3 Rc8
16.Kh1 O-O 17.f5 exf5 18.Rxf5 Bxe3 19.Nxe3 g6 20.Rg5 Rfe8 21.Rf1 d5 22.Nf5 dxe4
23.Qxh5 Rc7 24.Qh6  1-0

[Event "DDR-ch 28th"]
[Site "Suhl"]
[Date "1979.??.??"]
[Round "6"]
[White "Vogt, Lothar"]
[Black "Hesse, Peter"]
[Result "1-0"]
[WhiteElo "2500"]
[BlackElo "2420"]

1.e4 c5 2.Nf3 e6 3.d4 cxd4 4.Nxd4 a6 5.Nc3 Qc7 6.g3 Nc6 7.Bg2 Nge7 8.Nb3 d6
9.a4 Bd7 10.O-O Nc8 11.Bg5 h6 12.Be3 Be7 13.f4 b6 14.Qh5 Rb8 15.Rf2 Bf6 16.e5 Be7
17.Rd1 Nb4 18.Nd4 g6 19.exd6 Nxd6 20.Qf3 h5 21.f5 gxf5 22.Bf4 Rd8 23.Nxf5 exf5
24.Qe3 Qc5 25.Qxc5 bxc5 26.Bxd6 Be6 27.Be5 O-O 28.Bf3 Bg5 29.Re1 Rd7 30.Bxh5 Rfd8
31.Bf4 Bf6 32.Be3 Bd4 33.Nd1 Kg7 34.Bxd4+ cxd4 35.Rd2 f4 36.gxf4 Bf5 37.c3 Nd3
38.Rf1 Kf6 39.cxd4 Rxd4 40.Ne3 Bh3 41.Rfd1 Be6 42.Ng4+ Kf5 43.Nf2 Bc4 44.Bg4+ Kxf4
45.Be2 Ke3 46.Bxd3 Bb3 47.Re2+ Kf3 48.Rdd2 Bxa4 49.Re4 Rg8+ 50.Kf1 Rxe4 51.Bxe4+ Ke3
52.Rd3+ Kf4 53.Bh7  1-0

[Event "SWE-ch"]
[Site "?"]
[Date "1979.??.??"]
[Round "?"]
[White "Fridh, Anton"]
[Black "Lekander, Rolf"]
[Result "1-0"]
[WhiteElo "2270"]
[BlackElo "2285"]

1.e4 c5 2.Nf3 e6 3.d4 cxd4 4.Nxd4 a6 5.Nc3 Nc6 6.Bc4 Qc7 7.Nxc6 dxc6 8.O-O b5
9.Bd3 e5 10.a4 b4 11.Nb1 Nf6 12.Nd2 Bc5 13.Nc4 a5 14.Qf3 O-O 15.Qg3 Re8 16.Bh6 g6
17.Kh1 Nh5 18.Qf3 Bf8 19.Be3 c5 20.Rad1 Bb7 21.b3 f5 22.Bg5 Bg7 23.Nd6 h6
24.Bc4+ Kh7 25.Nxb7 hxg5 26.exf5 e4 27.Qh3 Qxb7 28.fxg6+ Kxg6 29.Rd7 Nf4
30.Qg4 Qc6 31.Rfd1 Bd4 32.Bf7+ Kf6 33.h4 Qxd7 34.Qxd7 Re7 35.Qc6+ Kxf7 36.Qxa8 gxh4
37.Qc8 Kf6 38.Qg4 Ng6 39.Re1 Bxf2 40.Rxe4  1-0

[Event "SWE-ch"]
[Site "?"]
[Date "1979.??.??"]
[Round "?"]
[White "Svenn, Matti"]
[Black "Elfvin, U."]
[Result "1-0"]
[WhiteElo "2200"]
[BlackElo "2200"]

1.e4 c5 2.Nf3 e6 3.d4 cxd4 4.Nxd4 a6 5.Nc3 Qc7 6.g3 Bb4 7.Ne2 Nf6 8.Bg2 Be7
9.O-O O-O 10.b3 Nc6 11.Bb2 b5 12.Nf4 Bb7 13.Re1 Ne5 14.Nd3 Nxd3 15.cxd3 e5
16.d4 d6 17.dxe5 dxe5 18.Nd5 Nxd5 19.exd5 Bd6 20.Rc1 Qb8 21.Rc2 Rd8 22.Qe2 Re8
23.Qd3 Re7 24.Rec1 Qd8 25.Bc3 b4 26.Bd2 a5 27.Be3 Ba6 28.Qe4 Bb5 29.Bc5 g6
30.g4 f6 31.Bf1 Be8 32.Bxd6 Qxd6 33.Rc8 Rxc8 34.Rxc8 Kg7 35.h3 Bf7 36.Bc4 Rc7
37.Ra8 Rc5 38.Ra6 Qd8 39.Qe3 Rc8 40.g5 fxg5 41.Qxe5+ Kh6 42.Ra7  1-0

[Event "CSR-ch"]
[Site "Trencianske Teplice"]
[Date "1979.??.??"]
[Round "2"]
[White "Prandstetter, Eduard"]
[Black "Smejkal, Jan"]
[Result "1/2-1/2"]
[WhiteElo "2385"]
[BlackElo "2560"]

1.e4 c5 2.Nf3 e6 3.d4 cxd4 4.Nxd4 a6 5.Nc3 Qc7 6.Bd3 Nf6 7.f4 d6 8.O-O b5
9.a3 Bb7 10.Qe2 Nbd7 11.g4 h5 12.g5 Qb6 13.h3 d5 14.gxf6 Qxd4+ 15.Be3 Qxe3+
16.Qxe3 Bc5 17.Qxc5 Nxc5 18.fxg7 Rg8 19.exd5 Rxg7+ 20.Kf2 Nxd3+ 21.cxd3 Ke7
22.Rg1 Rag8 23.Rxg7 Rxg7 24.Re1 h4 25.f5 Rg5 26.fxe6 Rf5+ 27.Kg2 Rg5+ 28.Kh2 Bxd5
29.Nxd5+ Rxd5 30.exf7+ Kxf7 31.Rd1 Rg5 32.Rf1+ Ke6 33.Rg1 Rd5 34.Rg6+ Kf5
35.Rxa6 Rxd3 36.b4 Rd2+ 37.Kg1 Kf4 38.Rg6 Kf3 39.Rg5  1/2-1/2

[Event "Tirnavia-A"]
[Site "Trnava"]
[Date "1979.??.??"]
[Round "8"]
[White "Bohosjan, Sarkis"]
[Black "Vilela, Jose Luis"]
[Result "1/2-1/2"]
[WhiteElo "2410"]
[BlackElo "2460"]

1.e4 c5 2.Nc3 e6 3.Nf3 a6 4.d4 cxd4 5.Nxd4 d6 6.g3 Nc6 7.Bg2 Bd7 8.O-O Nf6
9.a4 Nxd4 10.Qxd4 Be7 11.Rd1 Bc6 12.b3 Qc7 13.Ba3 Rd8 14.Rd3 O-O 15.h3 Rfe8
16.Rad1 b6 17.Qe3 Rd7 18.g4 d5 19.Bxe7 Rdxe7 20.e5 Nd7 21.Re1 Bb7 22.f4 Rc8
23.Ne2 Qxc2 24.Rc1 Qb2 25.Rxc8+ Bxc8 26.Rc3 Nc5 27.a5 Qa1+ 28.Bf1 Bb7 29.axb6 Ne4
30.Rc1 Qa5 31.Qd4 h5 32.Ra1 Qc5 33.Qxc5 Nxc5 34.Nd4 Nd7 35.Bxa6 Nxb6 36.Be2 hxg4
37.hxg4 Rc7 38.Kf2 Bc8 39.Ke3 Bd7 40.Ra6 Nc8 41.Kd2 Kf8 42.b4 Ke7 43.b5 g6
44.g5 Kd8 45.Ra8 Rb7 46.Kc3 Kc7 47.Kb4 Ra7 48.Rxa7+ Nxa7 49.Ka5 Nc8 50.Nb3 Nb6
51.Nc5 Be8 52.Bd3 Bd7 53.Na6+ Kb7 54.Kb4 Be8 55.Be2 Nc8 56.Kc5 Nb6 57.Kb4 Nc8
58.Nc5+ Kc7 59.Bf1 Nb6 60.Ka5 Bd7 61.Ka6 Be8 62.Nb7 d4 63.Nd6 Bd7 64.Nc4 Nd5
65.b6+ Kb8 66.Nb2 Nxf4 67.Nd3 Nxd3 68.Bxd3 Bc6 69.Ka5 Kb7 70.Ba6+ Kb8 71.Kb4 Be4
72.Kc4 d3 73.Kc3 Bf5 74.Kd2  1/2-1/2

[Event "URS Spartakiad"]
[Site "URS"]
[Date "1979.??.??"]
[Round "?"]
[White "Korsunsky, Yuri"]
[Black "Ragelis, Petras"]
[Result "1-0"]
[WhiteElo "2200"]
[BlackElo "2230"]

1.e4 c5 2.Nf3 e6 3.d4 cxd4 4.Nxd4 a6 5.Nc3 Qc7 6.g3 Nc6 7.Bg2 d6 8.O-O Bd7
9.Re1 Be7 10.Nxc6 Bxc6 11.a4 b6 12.Qg4 h5 13.Qe2 h4 14.Bf4 hxg3 15.hxg3 Bb7
16.Rad1 Nf6 17.Rd3 Nd7 18.Nd5 exd5 19.exd5 Nf6 20.Bg5 Kf8 21.Rc3 Qd7 22.Qxe7+ Qxe7
23.Rxe7 Kxe7 24.Rc7+ Kf8 25.Rxb7 Re8 26.Rxb6 Re1+ 27.Bf1 Nxd5 28.Rxd6 Nc7
29.Bd2 Re6 30.Rd8+ Ne8 31.Bb4+ Kg8 32.Bc4 Re4 33.b3 Rh6 34.Rd7 Rf6 35.Bc3  1-0

[Event "URS Spartakiad"]
[Site "URS"]
[Date "1979.??.??"]
[Round "?"]
[White "Levitina, Irina S"]
[Black "Mkrychian, Alla"]
[Result "1-0"]
[WhiteElo "2280"]
[BlackElo "2230"]

1.e4 c5 2.Nf3 e6 3.d4 cxd4 4.Nxd4 a6 5.Nc3 Nc6 6.Be2 d6 7.Be3 Nf6 8.f4 Qc7
9.Qd2 Be7 10.O-O-O Na5 11.Kb1 Nc4 12.Bxc4 Qxc4 13.e5 dxe5 14.fxe5 Nd5 15.Nxd5 Qxd5
16.Bg5 f6 17.Bh4 Qxe5 18.Rhe1 Qd5 19.Qc3 Qc5 20.Qf3 O-O 21.Bf2 Qc4 22.b3 Qc7
23.Rxe6 Bxe6 24.Nxe6 Qc6 25.Qxc6 bxc6 26.Nxf8 Kxf8 27.Kb2 Ke8 28.Kc3 f5 29.Kc4 g5
30.Bc5 Bxc5 31.Kxc5 f4 32.c4 h5 33.Kxc6 Kf7 34.Kb7 Re8 35.c5 Re2 36.c6 Rxg2
37.c7 Rc2 38.Rd5 Rxc7+ 39.Kxc7 Kf6 40.b4 f3 41.a4  1-0

[Event "URS Spartakiad"]
[Site "URS"]
[Date "1979.??.??"]
[Round "?"]
[White "Akopian, Gagnik E"]
[Black "Hasanov, Marat"]
[Result "0-1"]
[WhiteElo "2200"]
[BlackElo "2200"]

1.e4 c5 2.Nf3 e6 3.d4 cxd4 4.Nxd4 a6 5.Nc3 Qc7 6.Bd3 Nf6 7.O-O Nc6 8.Be3 Ne5
9.h3 b5 10.f4 Nc4 11.Bxc4 Qxc4 12.e5 Nd5 13.Nxd5 Qxd5 14.Qg4 Bb7 15.Rfd1 Rc8
16.Qg3 Qe4 17.Rd2 Be7 18.Re1 O-O 19.Nb3 Bd5 20.Bd4 Qg6 21.Qf2 d6 22.exd6 Bxd6
23.Re3 f6 24.Re1 Rc4 25.Be3 Rfc8 26.f5 Qg3 27.Qxg3 Bxg3 28.Ree2 Re4 29.Bf2 Bf4
30.Rxe4 Bxe4 31.Rd4 exf5 32.c3 Be5 33.Rd7 Rc7 34.Rd8+ Kf7 35.Nc5 a5 36.Nb3 a4
37.Nd4 b4 38.Be1 a3 39.bxa3 bxc3 40.Nb3 c2 41.Bd2 Bb2 42.Nc1 Bxc1 43.Bxc1 Rb7  0-1

[Event "URS Spartakiad"]
[Site "URS"]
[Date "1979.??.??"]
[Round "?"]
[White "Nevednichy, Boris M"]
[Black "Mikhalchishin, Adrian"]
[Result "1/2-1/2"]
[WhiteElo "2200"]
[BlackElo "2480"]

1.e4 c5 2.Nc3 e6 3.Nf3 a6 4.d4 cxd4 5.Nxd4 d6 6.Be2 Nf6 7.f4 Be7 8.O-O O-O
9.Kh1 Qc7 10.Qe1 b5 11.Bf3 Bb7 12.e5 Ne8 13.Bxb7 Qxb7 14.f5 dxe5 15.Qxe5 Bf6
16.Qe3 Nc6 17.Nxc6 Qxc6 18.fxe6 fxe6 19.Ne4 Qxc2 20.Bd2 Rd8 21.Nxf6+ Rxf6
22.Rxf6 Nxf6 23.Qxe6+ Kh8 24.Bc3 b4 25.Qe7 Rd1+ 26.Rxd1 Qxd1+ 27.Qe1 Qd5
28.Bxb4 Qxa2 29.Bc3 Qd5 30.Bxf6  1/2-1/2

[Event "BCF-ch"]
[Site "Brighton"]
[Date "1980.08.06"]
[Round "3"]
[White "Knox, Victor W"]
[Black "Clarke, Peter H"]
[Result "1-0"]
[WhiteElo "2335"]
[BlackElo "2355"]

1.e4 c5 2.Nf3 e6 3.d4 cxd4 4.Nxd4 a6 5.Nc3 d6 6.Be3 Nd7 7.Bc4 Ngf6 8.f3 d5
9.exd5 Nb6 10.Qe2 Nfxd5 11.Nxd5 Nxd5 12.O-O-O Be7 13.Nf5 exf5 14.Rxd5 Qc7
15.Bc5 Be6 16.Bxe7 Qxe7 17.Re5 Qg5+ 18.Kb1 O-O-O 19.Rc5+ Kb8 20.Bxa6 Rd2
21.Qe5+ Ka7 22.Bd3 Rc8 23.Ra5+ Kb6 24.Qd4+ Kxa5 25.Qa7+ Kb4 26.a3+  1-0

[Event "Baerum"]
[Site "Baerum"]
[Date "1980.??.??"]
[Round "2"]
[White "Hoen, Ragnar"]
[Black "Mariotti, Sergio"]
[Result "1/2-1/2"]
[WhiteElo "2395"]
[BlackElo "2500"]

1.e4 c5 2.Nf3 e6 3.d4 cxd4 4.Nxd4 a6 5.Nc3 Qc7 6.g3 Nf6 7.Bg2 Be7 8.O-O O-O
9.Be3 Nc6 10.f4 d6 11.f5 Ne5 12.fxe6 fxe6 13.Bh3 Nc4 14.Qe1 Qc5 15.Nf5 Nxe3
16.Nxe3 Bd7 17.Rd1 b5 18.a3 Rac8 19.Kh1 Qe5 20.Ng4 Nxg4 21.Bxg4 Rxf1+ 22.Qxf1 Rf8
23.Qe2 Bc6 24.Rf1 Rxf1+ 25.Qxf1 Bg5 26.Bf3 Be3 27.Qd3 Bb6 28.Kg2 Qc5 29.Kh3 Bd7
30.Qf1 Qg5 31.Kg2 Bd4 32.Qd3 Be5 33.Ne2 Kf7 34.c3 Ke7 35.Nd4 Qc1 36.Qe2 g6
37.Nb3 Qg5 38.Qd2 Qf6 39.Nd4 h5 40.Bd1 h4 41.Nf3 Qh8 42.Nxe5 Qxe5 43.Bf3 g5
44.Qd4 Qxd4 45.cxd4 e5  1/2-1/2

[Event "Biel (Women)"]
[Site "Biel"]
[Date "1980.??.??"]
[Round "?"]
[White "Hoiberg, Nina"]
[Black "Fischdick, Gisela"]
[Result "1/2-1/2"]
[WhiteElo "2090"]
[BlackElo "2235"]

1.e4 c5 2.Nf3 e6 3.d4 cxd4 4.Nxd4 a6 5.Nc3 Qc7 6.Be2 Nf6 7.O-O Nc6 8.a3 Be7
9.Kh1 O-O 10.f4 d6 11.Bf3 Nxd4 12.Qxd4 e5 13.Qd3 Be6 14.Nd5 Nxd5 15.exd5 Bd7
16.Rd1 Bb5 17.Qb3 Bf6 18.Be4 exf4 19.Bxf4 Rfe8 20.Re1 Be5 21.Bxe5 Rxe5 22.Bd3 Bxd3
23.Qxd3 Rae8 24.Rxe5 Rxe5 25.Rd1 h6 26.h3 Qe7 27.Qc4 g6 28.Rf1 Kh7 29.Qd4 Kg8
30.Qc4 Re1 31.b3 Rxf1+ 32.Qxf1 Qe4 33.c4 Qe3 34.Qd1 f5 35.Qa1 f4 36.Qf6 Qe1+
37.Kh2 Qg3+ 38.Kh1  1/2-1/2

[Event "COL-ch"]
[Site "Bogota"]
[Date "1980.??.??"]
[Round "?"]
[White "Garcia, Gildardo"]
[Black "Gutierrez, Jose Antonio"]
[Result "0-1"]
[WhiteElo "2440"]
[BlackElo "2330"]

1.e4 c5 2.Nf3 e6 3.d4 cxd4 4.Nxd4 a6 5.Nc3 Nc6 6.Be2 Nge7 7.Be3 Nxd4 8.Qxd4 Nc6
9.Qb6 Qf6 10.O-O Be7 11.Rad1 Bd8 12.Qb3 b5 13.f4 Qe7 14.Nb1 O-O 15.Nd2 Bb7
16.e5 Rc8 17.Bf3 Na5 18.Qd3 Bxf3 19.Rxf3 Qb4 20.Rh3 g6 21.c3 Qxb2 22.Ne4 Rc4
23.Bc1 Qxa2 24.Nd6 Rc5 25.f5 Rd5 26.Qf1 Bb6+ 27.Kh1 Rxd1 28.Qxd1 Qb1 29.Rh4 Nb3
30.Ne4 Bd8 31.f6 Qxc1 32.Qxc1 Nxc1 33.Ng5 h5 34.g4 Nd3 35.gxh5 Nxe5 36.Ne4 d5
37.hxg6 Nxg6  0-1

[Event "COL-ch"]
[Site "Bogota"]
[Date "1980.??.??"]
[Round "?"]
[White "Gutierrez, Jose Antonio"]
[Black "Ruiz, Alciguel"]
[Result "1/2-1/2"]
[WhiteElo "2330"]
[BlackElo "2200"]

1.e4 c5 2.Nf3 e6 3.d4 cxd4 4.Nxd4 a6 5.Nc3 Qc7 6.Be2 b5 7.O-O Bb7 8.Bf3 Nc6
9.Nxc6 dxc6 10.a4 Bd6 11.g3 Nf6 12.Qe2 b4 13.Nb1 a5 14.Rd1 Be5 15.Bg2 Ba6
16.Qe1 Rd8 17.Rxd8+ Qxd8 18.c3 O-O 19.f4 Bc7 20.h3 Bb6+ 21.Kh2 c5 22.Nd2 Bd3
23.e5 bxc3 24.bxc3 Nd5 25.Ne4 Qc7 26.Ba3 Rd8 27.Nd6 c4 28.Ra2 Ne3 29.Nb5 Nxg2
30.Rxg2 Qc6 31.Rd2 Qf3 32.Qd1 Qxd1 33.Rxd1 Bc2 34.Rxd8+ Bxd8 35.Nd6 Bxa4
36.Nxc4 Bc6 37.Kg1 f6 38.exf6 gxf6 39.Bc5 Bc7 40.Kf2 Kg7 41.Ke3  1/2-1/2